ELECTRICITY AND ELECTRONIC BASIC (Record no. 583468)

000 -LEADER
fixed length control field 00281nam a22001217a 4500
082 ## - DEWEY DECIMAL CLASSIFICATION NUMBER
Classification number 621.31 STE'E
100 ## - MAIN ENTRY--PERSONAL NAME
Personal name FORD, W. B,STEINBERG, W. F
9 (RLIN) 78326
245 ## - TITLE STATEMENT
Title ELECTRICITY AND ELECTRONIC BASIC
250 ## - EDITION STATEMENT
Edition statement 3RD
260 ## - PUBLICATION, DISTRIBUTION, ETC.
Place of publication, distribution, etc. USA
Name of publisher, distributor, etc. AMERICAN
Date of publication, distribution, etc. 1964
300 ## - PHYSICAL DESCRIPTION
Extent 336P
942 ## - ADDED ENTRY ELEMENTS (KOHA)
Koha item type Book
Holdings
Withdrawn status Lost status Damaged status Not for loan Permanent Location Current Location Shelving location Date acquired Total Checkouts Full call number Barcode Date last seen Price effective from Koha item type
        College of Electrical & Mechanical Engineering (CEME) College of Electrical & Mechanical Engineering (CEME) General Stacks 06/15/2017   621.31 STE'E CEME-8308 06/28/2021 06/28/2021 Book
© 2023 Central Library, National University of Sciences and Technology. All Rights Reserved.